00443nam a2200181 a 4500001001300000003000900013005001700022008004100039020000900080082001900089100002100108245001800129260004400147300000900191500003500200505001000235650001600245nice12345678IN_TiNIC20260116015158.0050524s1980 hyda grp 000 0 urd  ac1500a891.4391bTAL2 aTalib, Shahabadi aFughan-E-Sang aHyderabadbHenry Martyn Institutec1980 a464p aincludes index and biblioraphy2 aIndex aUrdu-Poetry